Statistics for Municipalities of Algeria - With a Map

Click here to take the quiz!

General Stats

  • This quiz has been taken 136 times
  • The average score is 45 of 1544

Answers on the Map

Answers color-coded by a green-red scale on the quiz's map according to % correct below.
 

Answer Stats

ProvinceCommune% Correct
AlgiersAlgiers
84%
OranOran
68%
ConstantineConstantine
50%
AnnabaAnnaba
40%
AdrarAdrar
39%
TamanrassetTamanrasset
37%
TindoufTindouf
36%
TlemcenTlemcen
35%
BéjaïaBéjaïa
34%
MascaraTizi
34%
El OuedEl Oued
33%
BécharBéchar
32%
ChlefChlef
32%
GhardaïaGhardaïa
32%
BlidaBlida
31%
BatnaBatna
30%
BiskraBiskra
29%
DjanetDjanet
29%
DjelfaDjelfa
29%
IlliziIllizi
29%
SétifSétif
29%
SkikdaSkikda
29%
BoumérdesBoumérdes
28%
El BayadhEl Bayadh
28%
GuelmaGuelma
27%
In SalahIn Salah
27%
MilaMila
27%
MostaganemMostaganem
27%
TébessaTébessa
27%
TimimounTimimoun
27%
Bordj Badji MokhtarBordj Badji Mokhtar
26%
JijelJijel
26%
MascaraMascara
26%
OuarglaOuargla
26%
TiaretTiaret
26%
Aïn TémouchentAïn Témouchent
25%
Béni AbbèsBéni Abbès
25%
In GuezzamIn Guezzam
25%
LaghouatLaghouat
25%
MédéaOuled
25%
Sidi Bel AbbèsSidi Bel Abbès
25%
Aïn DeflaAïn Defla
24%
BouïraBouïra
24%
El MeniaEl Menia
24%
NaâmaNaâma
24%
SaïdaSaïda
24%
TipazaTipaza
24%
MédéaMédéa
23%
M'SilaM'Sila
23%
RelizaneRelizane
23%
TouggourtTouggourt
23%
El M'GhairEl M'Ghair
22%
Tizi OuzouTizi Ouzou
22%
Bordj Bou ArréridjBordj Bou Arréridj
21%
Ouled DjellalOuled Djellal
21%
Souk AhrasSouk Ahras
21%
El TarifEl Tarif
20%
Oum El BouaghiOum El Bouaghi
20%
TissemsiltTissemsilt
20%
KhenchelaKhenchela
19%
KhenchelaDjellal
10%
AlgiersEl Harrach
8%
NaâmaAïn Séfra
7%
AdrarAkabli
7%
AdrarAoullef
7%
OranArzew
7%
AlgiersBab Ezzouar
7%
IlliziBordj Omar Driss
7%
BoumérdesDellys
7%
IlliziIn Amenas
7%
LaghouatAflou
6%
BéjaïaAkbou
6%
Tizi OuzouAzazga
6%
AlgiersBab El Oued
6%
AdrarBouda
6%
AlgiersCheraga
6%
SkikdaCollo
6%
ChlefDahra
6%
AlgiersDar El Beïda
6%
IlliziDebdeb
6%
OuarglaHassi Messaoud
6%
BécharAbadla
5%
Oum El BouaghiAïn Beïda
5%
OuarglaAïn Beida
5%
Algiers | Aïn DeflaAïn Bénian
5%
Tizi OuzouAïn El Hammam
5%
DjelfaAïn El Ibel
5%
SkikdaAzzaba
5%
Tizi OuzouAzzefoun
5%
AlgiersBaraki
5%
BatnaBarika
5%
El OuedBayadha
5%
BécharBeni Ounif
5%
GhardaïaBerriane
5%
TébessaBir El-Ater
5%
AlgiersBirkhadem
5%
DjanetBordj El Houasse
5%
AlgiersBordj El Kiffan
5%
GhardaïaBounoura
5%
M'SilaBou-Saâda
5%
OranBoutlélis
5%
El BayadhBrézina
5%
El BayadhCheguig
5%
BlidaChréa
5%
BoumérdesCorso
5%
El OuedDebila
5%
Djelfa | TimimounDeldoul
5%
Sidi Bel AbbèsDhaya
5%
El M'GhairDjamaâ
5%
El TarifEl Kala
5%
TamanrassetIn Amguel
5%
OranMers El Kébir
5%
TindoufOum El Assel
5%
AlgiersRouïba
5%
BécharTaghit
5%
AdrarTit
5%
BoumérdesAafir
4%
TamanrassetAbalessa
4%
Tizi OuzouAbi Youcef
4%
BéjaïaAdekar
4%
TipazaAghbal
4%
TipazaAhmar El Aïn
4%
NaâmaAïn Ben Khelil
4%
MostaganemAïn Boudinar
4%
OranAïn Bya
4%
SkikdaAïn Charchar
4%
DjelfaAïn Chouhada
4%
TiaretAïn Deheb
4%
Aïn TémouchentAïn El Arbaa
4%
El TarifAïn El Assel
4%
Bouïra | SaïdaAïn El Hadjar
4%
El BayadhAïn El Orak
4%
OranAïn El Turk
4%
M'SilaAïn Errich
4%
El TarifAïn Kerma
4%
TiaretAïn Kermes
4%
LaghouatAïn Madhi
4%
Oum El BouaghiAïn M'Lila
4%
BiskraAïn Naga
4%
MostaganemAïn Nouïssy
4%
DjelfaAïn Oussera
4%
LaghouatAïn Sidi Ali
4%
MostaganemAïn Sidi Chérif
4%
ConstantineAïn Smara
4%
TipazaAïn Tagourait
4%
AlgiersAïn Taya
4%
MostaganemAïn Tédlès
4%
KhenchelaAïn Touila
4%
BouïraAïn Turk
4%
BiskraAïn Zaatout
4%
TébessaAïn Zerga
4%
SkikdaAïn Zouit
4%
Tizi OuzouAit Bouaddou
4%
BéjaïaAmizour
4%
DjelfaAmourah
4%
BéjaïaAokas
4%
BouïraAomar
4%
TimimounAougrout
4%
El TarifAsfour
4%
MédéaBaata
4%
KhenchelaBabar
4%
TlemcenBab El Assa
4%
KhenchelaBaghai
4%
TébessaBedjene
4%
LaghouatBeidha
4%
TébessaBekkaria
4%
AlgiersBelouizdad
4%
TouggourtBenaceur
4%
OranBen Freha
4%
El OuedBen Guecha
4%
ChlefBeni Haoua
4%
Béni AbbèsBeni Ikhlef
4%
AlgiersBeni Messous
4%
TlemcenBeni Snous
4%
BlidaBéni Tamou
4%
El TarifBerrihane
4%
MédéaBerrouaghia
4%
El Tarif | Ouled DjellalBesbes
4%
OranBethioua
4%
TébessaBir Dheb
4%
OranBir El Djir
4%
Sidi Bel AbbèsBir El Hammam
4%
DjelfaBirine
4%
AlgiersBir Mourad Raïs
4%
Tizi OuzouBoghni
4%
BiskraBordj Ben Azzouz
4%
AlgiersBordj El Bahri
4%
El BayadhBoualem
4%
BlidaBoufarik
4%
OranBoufatis
4%
SétifBougaâ
4%
Blida | TiaretBougara
4%
MédéaBoughezoul
4%
El TarifBougous
4%
MostaganemBouguirat
4%
El TarifBouhadjar
4%
MascaraBou Henni
4%
KhenchelaBouhmama
4%
TipazaBou Ismaïl
4%
BécharBoukais
4%
TébessaBoukhadra
4%
TipazaBourkika
4%
OranBousfer
4%
El BayadhBoussemghoun
4%
BiskraBranis
4%
ChlefBreira
4%
LaghouatBrida
4%
AlgiersCasbah
4%
JijelChahna
4%
TipazaChaiba
4%
DjelfaCharef
4%
TimimounCharouine
4%
El TarifChebaita Mokhtar
4%
El TarifChefia
4%
JijelChekfa
4%
M'SilaChellal
4%
El BayadhChellala
4%
BéjaïaChellata
4%
SkikdaCheraia
4%
TipazaCherchell
4%
TébessaCheria
4%
AnnabaChetaïbi
4%
BiskraChetma
4%
BlidaChiffa
4%
El TarifChihani
4%
MascaraChorfa
4%
TipazaDamous
4%
DjelfaDar Chioukh
4%
AlgiersDely Ibrahim
4%
NaâmaDjéniane Bourzeg
4%
El OuedDouar El Ma
4%
AlgiersDouera
4%
DjelfaDouis
4%
AlgiersDraria
4%
Souk AhrasDréa
4%
Bordj Bou ArréridjEl Ach
4%
AlgiersEl Achour
4%
OuarglaEl Allia
4%
JijelEl Aouana
4%
LaghouatEl Assafia
4%
AlgiersEl Biar
4%
NaâmaEl Biod
4%
El BayadhEl Bnoud
4%
OuarglaEl Borma
4%
AnnabaEl Bouni
4%
SétifEl Eulma
4%
BiskraEl Feidh
4%
BiskraEl Ghrous
4%
DjelfaEl Guedid
4%
GhardaïaEl Guerrara
4%
OuarglaEl Hadjira
4%
KhenchelaEl Hamma
4%
BiskraEl Haouch
4%
SkikdaEl Harrouch
4%
SaïdaEl Hassasna
4%
DjelfaEl Idrissia
4%
OranEl Kerma
4%
ConstantineEl Khroub
4%
TébessaEl Kouif
4%
AlgiersEl Madania
4%
JijelEl Milia
4%
El Oued | TébessaEl Ogla
4%
Béni AbbèsEl Ouata
4%
BécharErg Ferradj
4%
OranEs Sénia
4%
TlemcenFellaoucene
4%
AdrarFenoughil
4%
TébessaFerkane
4%
In SalahFoggaret Ezzaouia
4%
Tizi OuzouFreha
4%
TiaretFrenda
4%
OranGdyel
4%
El BayadhGhassoul
4%
TlemcenGhazaouet
4%
El OuedGuemar
4%
DjelfaGuettara
4%
MostaganemHadjadj
4%
SétifHamma
4%
El MeniaHassi Gara
4%
LaghouatHassi R'Mel
4%
TlemcenHennaya
4%
AlgiersHydra
4%
TamanrassetIdlès
4%
Béni AbbèsIgli
4%
In SalahIn Ghar
4%
AdrarIn Zghmir
4%
NaâmaKasdir
4%
BécharKenadsa
4%
LaghouatKheneg
4%
AlgiersKouba
4%
El OuedKouinine
4%
BécharLahmar
4%
TlemcenMaghnia
4%
M'SilaMagra
4%
El OuedMagrane
4%
Bordj Bou Arréridj | El MeniaMansoura
4%
NaâmaMécheria
4%
BécharMechraa Houari Boumedienne
4%
TouggourtMegarine
4%
BécharMeridja
4%
OranMisserghin
4%
TouggourtM'Naguer
4%
BécharMogheul
4%
NaâmaMoghrar
4%
TébessaMorsott
4%
El OuedNakhla
4%
TlemcenNedroma
4%
TouggourtNezla
4%
OuarglaN'Goussa
4%
AdrarReggane
4%
AlgiersReghaïa
4%
El OuedReguiba
4%
El BayadhRogassa
4%
AdrarTamentit
4%
TamanrassetTazrouk
4%
Bordj Badji MokhtarTimiaouine
4%
In GuezzamTin Zaouatine
4%
ChlefAbou El Hassen
3%
MostaganemAchacha
3%
BouïraAghbalou
3%
Aïn TémouchentAghlal
3%
Tizi OuzouAghrib
3%
BouïraAhl El Ksar
3%
MilaAhmed Rachedi
3%
BouïraAhnif
3%
ConstantineAïn Abid
3%
Sidi Bel AbbèsAïn Adden
3%
SétifAïn Arnat
3%
SétifAïn Azel
3%
Oum El BouaghiAïn Babouche
3%
MilaAïn Beida Harriche
3%
GuelmaAïn Ben Beida
3%
BouïraAïn Bessem
3%
TiaretAïn Bouchekif
3%
MédéaAïn Boucif
3%
SkikdaAïn Bouziane
3%
BatnaAïn Djasser
3%
Sidi Bel AbbèsAïn El Berd
3%
TiaretAïn El Hadid
3%
M'SilaAïn El Hadjel
3%
SétifAïn El Kébira
3%
M'SilaAïn El Melh
3%
M'Sila | MascaraAïn Fares
3%
DjelfaAïn Feka
3%
MascaraAïn Fekan
3%
MascaraAïn Ferah
3%
TlemcenAïn Fezza
3%
MascaraAïn Fras
3%
TlemcenAïn Ghoraba
3%
Sidi Bel AbbèsAïn Kada
3%
TlemcenAïn Kebira
3%
SkikdaAïn Kechra
3%
M'SilaAïn Khadra
3%
Aïn TémouchentAïn Kihal
3%
SétifAïn Lahdjar
3%
BouïraAïn Laloui
3%
GuelmaAïn Larbi
3%
Aïn DeflaAïn Lechiakh
3%
SétifAïn Legraj
3%
DjelfaAïn Maabed
3%
GuelmaAïn Makhlouf
3%
MilaAïn Mellouk
3%
ChlefAïn Merane
3%
TlemcenAïn Nehala
3%
MédéaAïn Ou Ksir
3%
SétifAïn Oulmene
3%
RelizaneAïn Rahma
3%
GuelmaAïn Reggada
3%
BlidaAïn Romana
3%
SétifAïn Roua
3%
GuelmaAïn Sandel
3%
SétifAïn Sebt
3%
SaïdaAïn Sekhouna
3%
Aïn Defla | Saïda | Souk AhrasAïn Soltane
3%
Bordj Bou ArréridjAïn Taghrout
3%
TlemcenAïn Tallout
3%
RelizaneAïn Tarik
3%
Bordj Bou ArréridjAïn Tesra
3%
Sidi Bel AbbèsAïn Thrid
3%
Sidi Bel AbbèsAïn Tindamine
3%
MilaAïn Tine
3%
Aïn TémouchentAïn Tolba
3%
Aïn DeflaAïn Torki
3%
BatnaAïn Touta
3%
BatnaAïn Yagout
3%
TlemcenAïn Youcef
3%
Souk AhrasAïn Zana
3%
Tizi OuzouAïn Zaouia
3%
TiaretAïn Zarit
3%
Oum El BouaghiAïn Zitoun
3%
MédéaAissaouia
3%
Tizi OuzouAit Aggouacha
3%
Tizi OuzouAit Chafaa
3%
Tizi OuzouAit Khelili
3%
BouïraAit Laziz
3%
Tizi OuzouAit Mahmoud
3%
SétifAït Naoual Mezada
3%
BéjaïaAït-R'Zine
3%
BéjaïaAït-Smail
3%
SétifAït Tizi
3%
Tizi OuzouAit Toudert
3%
Tizi OuzouAit Yahia
3%
Tizi OuzouAit Yahia Moussa
3%
Tizi OuzouAkbil
3%
Tizi OuzouAkerrou
3%
BéjaïaAkfadou
3%
MascaraAlaimia
3%
BéjaïaAmalou
3%
TlemcenAmieur
3%
BoumérdesAmmal
3%
TissemsiltAmmari
3%
RelizaneAmmi Moussa
3%
SétifAmoucha
3%
Aïn TémouchentAoubellil
3%
MascaraAouf
3%
Aïn DeflaArib
3%
BatnaArris
3%
NaâmaAsla
3%
Tizi OuzouAssi Youcef
3%
BouïraAth Mansour Taourirt
3%
TlemcenAzails
3%
AlgiersBaba Hassen
3%
SétifBabor
3%
BoumérdesBaghlia
3%
TouggourtBalidat Ameur
3%
Aïn DeflaBarbouche
3%
Aïn DeflaBathia
3%
BouïraBechloul
3%
SkikdaBekkouche Lakhdar
3%
SétifBelaa
3%
M'SilaBelaïba
3%
Sidi Bel AbbèsBelarbi
3%
Bordj Bou ArréridjBelimour
3%
GuelmaBelkheir
3%
MostaganemBenabdelmalek Ramdane
3%
ChlefBenairia
3%
AlgiersBen Aknoun
3%
Aïn DeflaBen Allal
3%
Sidi Bel AbbèsBen Badis
3%
BoumérdesBen Choud
3%
Bordj Bou Arréridj | RelizaneBen Daoud
3%
DjelfaBenhar
3%
Tizi OuzouBeni Aissi
3%
BoumérdesBeni Amrane
3%
TlemcenBeni Bahdel
3%
SkikdaBeni Bechir
3%
TlemcenBeni Boussaid
3%
TissemsiltBeni Chaib
3%
SétifBeni Chebana
3%
RelizaneBeni Dergoun
3%
SétifBeni Fouda
3%
ConstantineBeni Hamiden
3%
M'SilaBeni Ilmane
3%
TissemsiltBeni Lahcene
3%
BéjaïaBeni Mellikeche
3%
TlemcenBeni Mester
3%
GuelmaBeni Mezline
3%
TipazaBeni Milleuk
3%
TlemcenBeni Ouarsous
3%
SkikdaBeni Oulbane
3%
ChlefBeni Rached
3%
Aïn TémouchentBeni Saf
3%
MédéaBeni Slimane
3%
Tizi OuzouBeni Yenni
3%
RelizaneBeni Zentis
3%
SkikdaBeni Zid
3%
Tizi OuzouBeni Zmenzer
3%
BlidaBen Khéllil
3%
TlemcenBensekrane
3%
M'SilaBen Srour
3%
MilaBenyahia Abderrahmane
3%
M'SilaBenzouh
3%
M'SilaBerhoum
3%
Oum El BouaghiBerriche
3%
MédéaBir Ben Laabed
3%
Oum El BouaghiBir Chouhada
3%
M'SilaBir Foda
3%
BouïraBir Ghbalou
3%
SétifBir Haddada
3%
Bordj Bou ArréridjBir Kasdali
3%
Aïn DeflaBir Ould Khelifa
3%
AlgiersBirtouta
3%
BatnaBitam
3%
AlgiersBologhine
3%
TissemsiltBordj Bou Naama
3%
TissemsiltBordj El Emir Abdelkader
3%
BoumérdesBordj Menaiel
3%
BouïraBordj Okhriss
3%
Bordj Bou ArréridjBordj Zemoura
3%
MédéaBouaichoune
3%
SétifBouandas
3%
GuelmaBouati Mahmoud
3%
BouïraBouderbala
3%
BéjaïaBoudjellil
3%
Tizi OuzouBoudjima
3%
BoumérdesBoudouaou El Bahri
3%
El BayadhBougtob
3%
GuelmaBou Hachana
3%
GuelmaBou Hamdane
3%
BéjaïaBouhamza
3%
MascaraBou Hanifia
3%
TipazaBouharoun
3%
MilaBouhatem
3%
TlemcenBouhlou
3%
DjelfaBouira Lahdab
3%
ChlefBoukadir
3%
BouïraBoukram
3%
BatnaBoulhilat
3%
BatnaBoumagueur
3%
GuelmaBoumahra Ahmed
3%
Aïn DeflaBoumedfaâ
3%
BatnaBoumia
3%
Tizi OuzouBounouh
3%
JijelBouraoui Belhadef
3%
AlgiersBourouba
3%
MédéaBouskene
3%
SétifBousselam
3%
SétifBoutaleb
3%
El TarifBouteldja
3%
M'SilaBouti Sayeh
3%
AlgiersBouzareah
3%
Aïn TémouchentBouzedjar
3%
BoumérdesBouzegza Keddara
3%
BatnaBouzina
3%
BoumérdesChabet El Ameur
3%
MédéaChahbounia
3%
BlidaChébli
3%
TiaretChehaima
3%
MilaChelghoum Laïd
3%
KhenchelaChelia
3%
BéjaïaChemini
3%
BatnaChemora
3%
MédéaCheniguel
3%
Aïn TémouchentChentouf
3%
KhenchelaCherchar
3%
TlemcenChetouane
3%
ChlefChettia
3%
MilaChigara
3%
BatnaChir
3%
TiaretDahmouni
3%
MédéaDamiat
3%
BéjaïaDarguina
3%
TlemcenDar Yaghmouracene
3%
BouïraDechmia
3%
M'SilaDehahna
3%
SétifDehamcha
3%
MilaDerradji Bousselah
3%
MédéaDerrag
3%
MédéaDeux Bassins
3%
ConstantineDidouche Mourad
3%
BouïraDirrah
3%
Bordj Bou ArréridjDjaafra
3%
AlgiersDjasr Kasentina
3%
BlidaDjebabra
3%
TlemcenDjebala
3%
Aïn DeflaDjelida
3%
BiskraDjemorah
3%
BoumérdesDjinet
3%
TipazaDouaouda
3%
Ouled DjellalDoucen
3%
Tizi OuzouDraa El Mizan
3%
El TarifDréan
3%
El Tarifechatt
3%
El BayadhEl Abiodh Sidi Cheikh
3%
BlidaEl Affroun
3%
El TarifEl Aioun
3%
Aïn TémouchentEl Amria
3%
OranEl Ançor
3%
TébessaEl Aouinet
3%
TlemcenEl Aricha
3%
Aïn DeflaEl Attaf
3%
GhardaïaEl Atteuf
3%
OranEl Braya
3%
LaghouatEl Ghicha
3%
TlemcenEl Gor
3%
BiskraEl Hadjeb
3%
AlgiersEl Hammamet
3%
LaghouatEl Houaita
3%
BoumérdesEl Kharrouba
3%
El BayadhEl Maharra
3%
KhenchelaEl Mahmal
3%
Aïn TémouchentEl Malah
3%
Algiers | Chlef | SkikdaEl Marsa
3%
RelizaneEl Matmar
3%
TébessaEl Meridj
3%
BiskraEl Mizaraa
3%
KhenchelaEl Oueldja
3%
Relizane | SétifEl Ouldja
3%
SétifEl Ouricia
3%
BiskraEl Outaya
3%
KhenchelaEnsigha
3%
DjelfaFaidh El Botma
3%
MilaFerdjioua
3%
BéjaïaFerraoun
3%
MostaganemFornaka
3%
BiskraFoughala
3%
TipazaFouka
3%
TipazaGouraya
3%
LaghouatGueltat Sidi Saad
3%
SétifGuenzet
3%
TébessaGuorriguer
3%
TipazaHadjout
3%
Aïn TémouchentHammam Bou Hadjar
3%
TébessaHammamet
3%
El OuedHamraia
3%
El OuedHassani Abdelkrim
3%
OuarglaHassi Ben Abdellah
3%
OranHassi Ben Okba
3%
El MeniaHassi Fehal
3%
AlgiersH'Raoua
3%
AlgiersHussein Dey
3%
KhenchelaKais
3%
El BayadhKef Lahmar
3%
SkikdaKerkera
3%
Béni AbbèsKerzaz
3%
El BayadhKrakda
3%
Béni AbbèsKsabi
3%
TimimounKsar Kaddour
3%
TissemsiltLarbaa
3%
Batna | BlidaLarbaâ
3%
BiskraLioua
3%
TlemcenMarsa Ben M'Hidi
3%
Oum El BouaghiMeskiana
3%
MostaganemMesra
3%
TimimounMetarfa
3%
GhardaïaMetlili
3%
El OuedMih Ouensa
3%
BiskraM'Lili
3%
AlgiersMohammedia
3%
El M'GhairM'Rara
3%
TébessaNegrine
3%
Tizi OuzouOuadhia
3%
AdrarOuled Ahmed Timmi
3%
El OuedRobbah
3%
AdrarSali
3%
AdrarSebaa
3%
TlemcenSebdou
3%
NaâmaSfissifa
3%
MostaganemSidi Ali
3%
El M'GhairSidi Amrane
3%
BiskraSidi Okba
3%
El Bayadh | Tissemsilt | TouggourtSidi Slimane
3%
TlemcenSouani
3%
El BayadhStitten
3%
Bouïra | El OuedTaghzout
3%
TouggourtTaibet
3%
TouggourtTamacine
3%
AdrarTamest
3%
TouggourtTebesbest
3%
ChlefTénès
3%
AdrarTimokten
3%
El OuedTrifaoui
3%
AdrarT'Sabit
3%
TouggourtZaouia El Abidia
3%
AdrarZaouiet Kounta
3%
GhardaïaZelfana
3%
AlgiersZeralda
3%
El Tarif | SkikdaZitouna
3%
SétifAïn Abessa
2%
AnnabaAïn Berda
2%
Oum El BouaghiAïn Diss
2%
OranAïn El Kerma
2%
TlemcenAïn Fetah
2%
Oum El BouaghiAïn Kercha
2%
Tizi OuzouAit Oumalou
2%
Sidi Bel AbbèsAmarnas
2%
El BayadhArbaouet
2%
Sidi Bel AbbèsBadredine El Mokrani
2%
BéjaïaBarbacha
2%
SétifBazer Sakhra
2%
Oum El BouaghiBehir Chergui
2%
Aïn DeflaBellas
2%
MédéaBenchicao
2%
SétifBéni Aziz
2%
Tizi OuzouBeni Douala
2%
SétifBeni Mouhli
2%
DjelfaBeni Yagoub
2%
Tizi OuzouBeni Ziki
2%
El TarifBen Mehdi
2%
SétifBir El Arch
2%
TébessaBir El Mokkadem
2%
MédéaBou Aiche
2%
BlidaBouarfa
2%
TissemsiltBoucaid
2%
BiskraBouchagroune
2%
Sidi Bel AbbèsBoukhanafis
2%
TébessaBoulhaf Dir
2%
Sidi Bel AbbèsChettouane Belaila
2%
Bordj Bou ArréridjColla
2%
GuelmaDahouara
2%
RelizaneDar Ben Abdellah
2%
GhardaïaDayet Bendhahoua
2%
BouïraDjebahia
2%
Tizi OuzouDjebel Aissa Mimoun
2%
M'SilaDjebel Messaad
2%
JijelDjemaa Beni Habibi
2%
Aïn DeflaDjemaa Ouled Cheikh
2%
SétifDjémila
2%
Aïn DeflaDjendel
2%
SkikdaDjendel Saadi Mohamed
2%
BatnaDjerma
2%
BatnaDjezzar
2%
MédéaDjouab
2%
SaïdaDoui Thabet
2%
Ouled DjellalEch Chaïba
2%
Aïn DeflaEl Abadia
2%
Bordj Bou ArréridjEl Achir
2%
BouïraEl Adjiba
2%
Oum El BouaghiEl Amiria
2%
Aïn DeflaEl Amra
2%
JijelEl Ancer
2%
Bordj Bou ArréridjEl Anseur
2%
BouïraEl Asnam
2%
MilaElayadi Barbes
2%
MascaraEl Bordj
2%
GuelmaEl Fedjoudj
2%
TlemcenEl Fehoul
2%
BéjaïaEl Flaye
2%
MascaraEl Gaada
2%
SkikdaEl Ghedir
2%
MascaraEl Ghomri
2%
MédéaEl Guelbelkebir
2%
RelizaneEl Guettar
2%
Sidi Bel AbbèsEl Haçaiba
2%
BouïraEl Hachimia
2%
ChlefEl Hadjadj
2%
AnnabaEl Hadjar
2%
BouïraEl Hakimia
2%
Bordj Bou ArréridjEl Hamadia
2%
MédéaEl Hamdania
2%
M'SilaEl Hamel
2%
Oum El BouaghiEl Harmilia
2%
Aïn DeflaEl Hassania
2%
Batna | RelizaneEl Hassi
2%
M'SilaEl Houamed
2%
TébessaEl Houidjbet
2%
BiskraEl Kantara
2%
ChlefEl Karimia
2%
JijelEl Kennar Nouchfi
2%
MascaraEl Keurt
2%
BouïraEl Khabouzia
2%
El BayadhEl Kheiter
2%
DjelfaEl Khemis
2%
BéjaïaEl Kseur
2%
BatnaEl Madher
2%
AlgiersEl Magharia
2%
Bordj Bou ArréridjEl Main
2%
Aïn DeflaEl Maine
2%
TébessaEl Ma Labiodh
2%
MilaEl Mechira
2%
MascaraEl Menaouer
2%
Aïn TémouchentEl Messaid
2%
TébessaEl Mezeraa
2%
Bordj Bou ArréridjEl M'Hir
2%
BouïraEl Mokrani
2%
AlgiersEl Mouradia
2%
MédéaEl Ouinet
2%
JijelEmir Abdelkader
2%
TiaretFaidja
2%
MascaraFerraguig
2%
BatnaFesdis
2%
SkikdaFilfla
2%
Oum El BouaghiFkirina
2%
BatnaFoum Toub
2%
Tizi OuzouFrikat
2%
MascaraFroha
2%
MascaraGharrous
2%
JijelGhebala
2%
Bordj Bou ArréridjGhilassa
2%
MascaraGhriss
2%
BatnaGosbat
2%
MilaGrarem Gouga
2%
SétifGuellal
2%
SétifGuelta Zerka
2%
MascaraGuerdjoum
2%
DjelfaGuernini
2%
BouïraGuerrouma
2%
TiaretGuertoufa
2%
SétifGuidjel
2%
MascaraHacine
2%
RelizaneHad Echkalla
2%
BouïraHadjera Zerga
2%
LaghouatHadj Mechri
2%
El TarifHammam Beni Salah
2%
BoumérdesHammedi
2%
DjelfaHassi Bahbah
2%
OranHassi Bounif
2%
LaghouatHassi Delaa
2%
Aïn TémouchentHassi El Ghella
2%
El OuedHassi Khelifa
2%
MostaganemHassi Mamèche
2%
OranHassi Mefsoukh
2%
TlemcenHonaïne
2%
GuelmaHouari Boumediene
2%
BouïraKadiria
2%
SkikdaKanoua
2%
JijelKaous
2%
MostaganemKhadra
2%
MostaganemKheïr Eddine
2%
BoumérdesKhemis El-Khechna
2%
Aïn DeflaKhemis Miliana
2%
Tipaza | TissemsiltKhemisti
2%
SkikdaKheneg Mayoum
2%
BiskraKhenguet Sidi Nadji
2%
BéjaïaKherrata
2%
KhenchelaKhirane
2%
TipazaKoléa
2%
MédéaKsar Boukhari
2%
LaghouatKsar El Hirane
2%
Oum El BouaghiKsar Sbahi
2%
El TarifLac des Oiseaux
2%
BouïraLakhdaria
2%
Sidi Bel AbbèsLamtar
2%
BoumérdesLarbatache
2%
TipazaLarhat
2%
AlgiersLes Eucalyptus
2%
BiskraLichana
2%
Tizi OuzouMaatkas
2%
TiaretMahdia
2%
AlgiersMahelma
2%
Sidi Bel AbbèsMarhoum
2%
MostaganemMazagran
2%
BiskraM'Chouneche
2%
Souk AhrasMechroha
2%
Tizi OuzouMechtras
2%
BlidaMeftah
2%
BiskraMekhadma
2%
LaghouatMekhareg
2%
NaâmaMekmen Ben Amar
2%
BatnaMenâa
2%
M'SilaMenaa
2%
TipazaMenaceur
2%
OranMers El Hadjad
2%
DjelfaMessad
2%
TipazaMesselmoun
2%
MascaraMohammadia
2%
DjelfaMouadjebara
2%
BlidaMouzaïa
2%
KhenchelaM'Sara
2%
TlemcenM'Sirda Fouaga
2%
KhenchelaM'Toussa
2%
TipazaNador
2%
MostaganemNékmaria
2%
TébessaOgla Melha
2%
Tizi OuzouOuacifs
2%
El OuedOued El Alenda
2%
Boumérdes | TimimounOuled Aissa
2%
TimimounOuled Said
2%
BiskraOumache
2%
DjelfaOum Laadham
2%
El M'GhairOum Touyour
2%
Sidi Bel AbbèsRas El Ma
2%
TlemcenRemchi
2%
KhenchelaRemila
2%
OuarglaRouissat
2%
TlemcenSabra
2%
MostaganemSafsaf
2%
TébessaSafsaf El Ouesra
2%
GhardaïaSebseb
2%
AnnabaSeraïdi
2%
BéjaïaSidi-Aïch
2%
Annaba | Saïda | TipazaSidi Amar
2%
El Bayadh | M'SilaSidi Ameur
2%
El OuedSidi Aoun
2%
Souk AhrasSidi Fredj
2%
Ouled Djellal | Sidi Bel AbbèsSidi Khaled
2%
El M'GhairSidi Khellil
2%
OuarglaSidi Khouiled
2%
Aïn Defla | MostaganemSidi Lakhdar
2%
Algiers | M'SilaSidi M'Hamed
2%
MascaraSig
2%
MostaganemSirat
2%
TiaretSougueur
2%
AlgiersSouidania
2%
TébessaStah Guentis
2%
MostaganemStidia
2%
El M'GhairStill
2%
Béni AbbèsTabelbala
2%
LaghouatTadjrouna
2%
El OuedTaleb Larbi
2%
TimimounTalmine
2%
SkikdaTamalous
2%
Béni AbbèsTamtert
2%
LaghouatTaouila
2%
El M'GhairTendla
2%
BoumérdesThenia
2%
BéjaïaTichy
2%
Béni AbbèsTimoudi
2%
TimimounTinerkouk
2%
NaâmaTiout
2%
TébessaTlidjene
2%
El BayadhTousmouline
2%
DjelfaZaccar
2%
BatnaAbdelkader Azil
1%
Bordj Bou ArréridjAchabou
1%
Tizi OuzouAghni-Goughrane
1%
Aïn DeflaAïn Bouyahia
1%
Oum El BouaghiAïn Fakroun
1%
BéjaïaAit Djellil
1%
BéjaïaAït Ksila
1%
BéjaïaAït Maouche
1%
BatnaAmdoukal
1%
MilaAmira Arras
1%
TipazaAttatba
1%
MédéaAziz
1%
AlgiersBachdjerrah
1%
AnnabaBarrahel
1%
SétifBeida Bordj
1%
RelizaneBelassel Bouzegza
1%
Sidi Bel AbbèsBenachiba Chelia
1%
SkikdaBenazouz
1%
GuelmaBen Djarah
1%
BatnaBen Foudhala El Hakania
1%
MascaraBeniane
1%
ChlefBeni Bouateb
1%
SétifBeni Hocine
1%
TlemcenBeni Khellad
1%
BlidaBéni Mered
1%
SétifBéni Ourtilane
1%
TlemcenBeni Semiel
1%
Souk AhrasBir Bou Haouch
1%
SkikdaBir El Ouiden
1%
MédéaBoghar
1%
Sidi Bel AbbèsBordjebha El Bordj
1%
Aïn DeflaBordj Emir Khaled Chikh
1%
Bordj Bou ArréridjBordj Ghédir
1%
GuelmaBordj Sabat
1%
JijelBordj T'Har
1%
BoumérdesBouadouaou
1%
Aïn DeflaBouchared
1%
MédéaBouchrahil
1%
SkikdaBouchtata
1%
JijelBoucif Ouled Askeur
1%
JijelBoudriaa Ben Yadjis
1%
GuelmaBoughouf
1%
BouïraBouiche
1%
BlidaBouïnian
1%
BéjaïaBoukhelifa
1%
ChlefBouzghaia
1%
Tizi OuzouBouzguen
1%
Aïn TémouchentChaabat El Ham
1%
MédéaChellalat El Adhaoura
1%
AnnabaCheurfa
1%
Oum El BouaghiDhala
1%
Khenchela
Taouzient
1%
GuelmaDjeballah Khemissi
1%
TiaretDjebilet Rosfa
1%
RelizaneDjidioua
1%
TiaretDjillali Ben Amar
1%
JijelDjimla
1%
Tizi OuzouDraa Ben Kheda
1%
BéjaïaDraâ El-Khaïd
1%
MédéaDraa Essamar
1%
SétifDraa Kebila
1%
MédéaEl Azizia
1%
Oum El BouaghiEl Belala
1%
TlemcenEl Bouihi
1%
Oum El BouaghiEl Djazia
1%
Aïn TémouchentEl Emir Abdelkader
1%
Oum El BouaghiEl Fedjouz Boughrara Saoudi
1%
MascaraEl Guettana
1%
SkikdaEl Hadaik
1%
RelizaneEl Hamri
1%
MostaganemEl Hassaine
1%
RelizaneEl H'Madna
1%
MédéaEl Omaria
1%
SkikdaEmdjez Edchich
1%
JijelEraguene
1%
SkikdaEssebt
1%
AnnabaEulma
1%
BéjaïaFenaïa Ilmaten
1%
BatnaGhassira
1%
GuelmaGuellat Bou Sbaa
1%
BlidaGuerrouaou
1%
BatnaGuigba
1%
MascaraHachem
1%
TipazaHadjeret Ennous
1%
DjelfaHad-Sahary
1%
BouïraHaizer
1%
TiaretHamadia
1%
SkikdaHamadi Krouma
1%
MilaHamala
1%
ConstantineHamma Bouziane
1%
TlemcenHammam Boughrara
1%
GuelmaHammam Debagh
1%
M'SilaHammam Dhalaa
1%
SétifHammam Guergour
1%
BlidaHammam Melouane
1%
GuelmaHammam Nbail
1%
Aïn DeflaHammam Righa
1%
SétifHamman Soukhna
1%
Souk AhrasHanancha
1%
Oum El BouaghiHanchir Toumghani
1%
MédéaHannacha
1%
Bordj Bou ArréridjHaraza
1%
SétifHarbil
1%
ChlefHarchoun
1%
ChlefHarenfa
1%
Bordj Bou ArréridjHasnaoua
1%
Aïn TémouchentHassasna
1%
Sidi Bel AbbèsHassi Dahou
1%
DjelfaHassi El Euch
1%
DjelfaHassi Fedoul
1%
Sidi Bel AbbèsHassi Zehana
1%
Souk AhrasHeddada
1%
GuelmaHéliopolis
1%
BatnaHidoussa
1%
Aïn DeflaHoceinia
1%
SaïdaHounet
1%
ConstantineIbn Badis
1%
ConstantineIbn Ziad
1%
Tizi OuzouIboudraren
1%
BatnaIchmoul
1%
Tizi OuzouIdjeur
1%
Tizi OuzouIferhounene
1%
Tizi OuzouIfigha
1%
Tizi OuzouIflissen
1%
BéjaïaIghil Ali
1%
BéjaïaIghram
1%
Tizi OuzouIllilten
1%
Tizi OuzouIloula Oumalou
1%
Tizi OuzouImsouhal
1%
BatnaInoughissen
1%
Tizi OuzouIrdjen
1%
BoumérdesIsser
1%
RelizaneKalaa
1%
BoumérdesKeddara
1%
MédéaKef Lakhdar
1%
BéjaïaKendira
1%
MascaraKhalouia
1%
MédéaKhams Djouamaa
1%
M'SilaKhatouti Sed Eldjir
1%
Souk AhrasKhedara
1%
JijelKheïri Oued Adjoul
1%
Bordj Bou ArréridjKhelil
1%
Souk AhrasKhemissa
1%
GuelmaKheraza
1%
M'SilaKhoubana
1%
AlgiersKhraicia
1%
BatnaKimmel
1%
BatnaKsar Bellezma
1%
TiaretKsar Chellala
1%
SétifKsar El Abtal
1%
Bordj Bou ArréridjKsour
1%
TissemsiltLaayoune
1%
ChlefLabiod Medjadja
1%
RelizaneLahlef
1%
Tizi OuzouLarba Nait Irathen
1%
TissemsiltLardjem
1%
TissemsiltLazharia
1%
BatnaLazrou
1%
BoumérdesLegata
1%
BatnaLemsane
1%
TissemsiltMaacem
1%
M'SilaMaadid
1%
BatnaMâafa
1%
BouïraMaala
1%
Bouïra | SaïdaMaamora
1%
SétifMaaouia
1%
M'SilaMaarif
1%
TiaretMadna
1%
MédéaMaghraoua
1%
MascaraMakdha
1%
Sidi Bel AbbèsMakedra
1%
Tizi OuzouMakouda
1%
MascaraMamounia
1%
Mostaganem | TlemcenMansourah
1%
SétifMaoklane
1%
MascaraMaoussa
1%
MascaraMatemore
1%
RelizaneMazouna
1%
BouïraM'Chedellah
1%
Sidi Bel AbbèsM'Cid
1%
M'SilaM'Cif
1%
BéjaïaM'Cisna
1%
Souk AhrasM'Daourouch
1%
TiaretMechraa Safa
1%
RelizaneMediouna
1%
Bordj Bou ArréridjMedjana
1%
MédéaMedjebar
1%
M'SilaMedjedel
1%
GuelmaMedjez Amar
1%
GuelmaMedjez Sfa
1%
TiaretMedrissa
1%
TiaretMedroussa
1%
MédéaMeftaha
1%
TiaretMeghila
1%
Aïn DeflaMekhatria
1%
Tizi OuzouMekla
1%
TissemsiltMelaab
1%
BéjaïaMelbou
1%
TiaretMellakou
1%
RelizaneMendes
1%
Souk AhrasMerahna
1%
RelizaneMerdja Sidi Abed
1%
Sidi Bel AbbèsMerine
1%
BatnaMerouana
1%
ConstantineMessaoud Boudjeriou
1%
TipazaMeurad
1%
Sidi Bel AbbèsMezaourou
1%
BouïraMezdour
1%
MédéaMezerana
1%
SétifMezloug
1%
MédéaMihoub
1%
Aïn DeflaMiliana
1%
MilaMinar Zarza
1%
Tizi OuzouMizrana
1%
Tizi OuzouM'Kira
1%
DjelfaM'Liliha
1%
MascaraMocta Douz
1%
M'SilaMohamed Boudiaf
1%
Sidi Bel AbbèsMostefa Ben Brahim
1%
SaïdaMoulay Larbi
1%
Sidi Bel AbbèsMoulay Slissen
1%
ChlefMoussadek
1%
M'SilaM'Tarfa
1%
BoumérdesNaciria
1%
TiaretNadorah
1%
TiaretNaima
1%
GuelmaNechmaya
1%
MascaraNesmoth
1%
BatnaN'Gaous
1%
MascaraOggaz
1%
Tizi OuzouOuaguenoun
1%
MédéaOuamri
1%
M'SilaOuanougha
1%
RelizaneOuarizane
1%
JijelOudjana
1%
BlidaOued Djer
1%
MilaOued Endja
1%
BéjaïaOued Ghir
1%
LaghouatOued Morra
1%
LaghouatOued M'Zi
1%
Sidi Bel AbbèsOued Sebaa
1%
AlgiersOued Smar
1%
OranOued Tlélat
1%
SkikdaOued Z'Hor
1%
El TarifOued Zitoun
1%
TébessaOuenza
1%
MostaganemOuled Boughalem
1%
AlgiersOuled Fayet
1%
BoumérdesOuled Hedadj
1%
Béni AbbèsOuled Khoudir
1%
BoumérdesOuled Moussa
1%
KhenchelaOuled Rechache
1%
BlidaOuled Yaïch
1%
TébessaOum Ali
1%
BiskraOurlala
1%
El OuedOurmes
1%
BatnaRahbat
1%
Oum El BouaghiRahia
1%
AlgiersRahmania
1%
AlgiersRaïs Hamidou
1%
El TarifRaml Souk
1%
Ouled DjellalRas El Miaad
1%
Bordj Bou ArréridjRas El Oued
1%
MostaganemSayada
1%
LaghouatSebgag
1%
BéjaïaSeddouk
1%
DjelfaSed Rahal
1%
Souk AhrasSedrata
1%
DjelfaSelmana
1%
Sidi Bel AbbèsSfisef
1%
SaïdaSidi Ahmed
1%
ChlefSidi Akkacha
1%
MostaganemSidi Bellater
1%
OranSidi Ben Yebka
1%
Aïn TémouchentSidi Boumedienne
1%
LaghouatSidi Bouzid
1%
Sidi Bel AbbèsSidi Brahim
1%
OranSidi Chami
1%
TipazaSidi Ghiles
1%
LaghouatSidi Makhlouf
1%
TlemcenSidi Medjahed
1%
TipazaSidi Rached
1%
Aïn TémouchentSidi Safi
1%
El BayadhSidi Taifour
1%
TlemcenSouahlia
1%
El TarifSouarekh
1%
BlidaSouhane
1%
Oum El BouaghiSouk Naâmane
1%
TlemcenSouk Tlata
1%
BlidaSoumaâ
1%
AlgiersStaoueli
1%
LaghouatTadjemout
1%
ChlefTadjena
1%
MilaTadjenanet
1%
Tizi OuzouTadmait
1%
DjelfaTadmit
1%
OranTafraoui
1%
JijelTaher
1%
TiaretTakhemaret
1%
GuelmaTamlouka
1%
KhenchelaTamza
1%
BéjaïaTazmalt
1%
Sidi Bel AbbèsTelagh
1%
SétifTella
1%
Sidi Bel AbbèsTessala
1%
TlemcenTienet
1%
BéjaïaTifra
1%
MascaraTighennif
1%
BatnaTigherghar
1%
Tizi OuzouTigzirt
1%
SaïdaTircine
1%
BiskraTolba
1%
MostaganemTouahria
1%
KhenchelaYabous
1%
Tizi OuzouYakouren
1%
RelizaneYellel
1%
DjelfaZaafrane
1%
BoumérdesZemmouri
1%
BiskraZeribet El Oued
1%
El TarifZerizer
1%
JijelZiama Mansouriah
1%
TiaretZmalet El Emir Abdelkader
1%
Tizi OuzouAit Boumehdi
0%
MilaOued Athmania
0%
SkikdaOued Attia
0%
Aïn TémouchentOued Berkeche
0%
BatnaOued Chaâba
0%
GuelmaOued Cheham
0%
Aïn DeflaOued Chorfa
0%
Aïn DeflaOued Djemaa
0%
MascaraOued El Abtal
0%
BlidaOued El Alleug
0%
AnnabaOued El Aneb
0%
SétifOued El Barad
0%
BouïraOued El Berdi
0%
MostaganemOued El Kheir
0%
BatnaOued El Ma
0%
RelizaneOued Essalem
0%
GuelmaOued Fragha
0%
ChlefOued Gousine
0%
MédéaOued Harbil
0%
Souk AhrasOued Keberit
0%
AlgiersOued Koriche
0%
TlemcenOued Lakhdar
0%
TiaretOued Lilli
0%
Oum El BouaghiOued Nini
0%
RelizaneOued Rhiou
0%
Aïn TémouchentOued Sabah
0%
Sidi Bel AbbèsOued Sefioun
0%
MilaOued Seguen
0%
ChlefOued Sly
0%
BatnaOued Taga
0%
Sidi Bel AbbèsOued Taourira
0%
MascaraOued Taria
0%
GuelmaOued Zenati
0%
Souk AhrasOuillen
0%
SkikdaOuldja Boulballout
0%
ChlefOuled Abbes
0%
M'SilaOuled Addi Guebala
0%
SétifOuled Addouane
0%
RelizaneOuled Aiche
0%
BatnaOuled Ammar
0%
MédéaOuled Antar
0%
BatnaOuled Aouf
0%
ChlefOuled Ben Abdelkader
0%
TissemsiltOuled Bessem
0%
Aïn TémouchentOuled Boudjemaa
0%
Bordj Bou ArréridjOuled Brahem
0%
Médéa | SaïdaOuled Brahim
0%
AlgiersOuled Chebel
0%
Bordj Bou ArréridjOuled Dahmane
0%
MédéaOuled Deide
0%
M'SilaOuled Derraj
0%
Souk AhrasOuled Driss
0%
RelizaneOuled El Djemaa
0%
BatnaOuled Fadel
0%
ChlefOuled Fares
0%
ChlefOuled Fodda
0%
Oum El BouaghiOuled Gacem
0%
Oum El BouaghiOuled Hamla
0%
SkikdaOuled Hbaba
0%
MédéaOuled Hellal
0%
SaïdaOuled Khaled
0%
MilaOuled Khalouf
0%
Aïn TémouchentOuled Kihal
0%
MédéaOuled Maaref
0%
M'SilaOuled Madhi
0%
MostaganemOuled Malah
0%
M'SilaOuled Mansour
0%
TlemcenOuled Mimoun
0%
Souk AhrasOuled Moumene
0%
JijelOuled Rabah
0%
BouïraOuled Rached
0%
ConstantineOuled Rahmoune
0%
TlemcenOuled Riyah
0%
SétifOuled Sabor
0%
BlidaOuled Selama
0%
BatnaOuled Sellam
0%
SétifOuled Si Ahmed
0%
Bordj Bou Arréridj | M'SilaOuled Sidi Brahim
0%
RelizaneOuled Sidi Mihoub
0%
BatnaOuled Si Slimane
0%
M'SilaOuled Slimane
0%
SétifOuled Tebben
0%
JijelOuled Yahia Khedrouche
0%
Oum El BouaghiOuled Zouaï
0%
Aïn TémouchentOulhaca El Gheraba
0%
M'SilaOultene
0%
ChlefOum Drou
0%
Souk AhrasOum El Adhaim
0%
MédéaOum El Djalil
0%
SkikdaOum Toub
0%
BatnaOuyoun El Assafir
0%
BéjaïaOuzellaguen
0%
MédéaOuzera
0%
Bordj Bou ArréridjRabta
0%
Souk AhrasRagouba
0%
TiaretRahouia
0%
SkikdaRamdane Djamel
0%
RelizaneRamka
0%
BouïraRaouraoua
0%
MascaraRas Ain Amirouche
0%
GuelmaRas El Agba
0%
BatnaRas El Aioun
0%
SétifRasfa
0%
MédéaRebaia
0%
TiaretRechaïga
0%
Sidi Bel AbbèsRedjem Demouche
0%
BouïraRidane
0%
GuelmaRoknia
0%
MilaRouached
0%
Aïn DeflaRouina
0%
Souk AhrasSafel El Ouiden
0%
BouïraSaharidj
0%
SétifSalah Bey
0%
SkikdaSalah Bouchaour
0%
GuelmaSalaoua Announa
0%
MédéaSaneg
0%
AlgiersSaoula
0%
TlemcenSebaa Chioukh
0%
TiaretSebaïne
0%
TiaretSebt
0%
MascaraSedjerara
0%
MédéaSedraia
0%
BatnaSefiane
0%
BatnaSeggana
0%
MédéaSeghouane
0%
MascaraSehaîlia
0%
Sidi Bel AbbèsSehala Thaoura
0%
JijelSelma Benziada
0%
BéjaïaSemaoun
0%
ChlefSendjas
0%
SétifSerdj El Ghoul
0%
TiaretSerghine
0%
BatnaSeriana
0%
JijelSettara
0%
TiaretSi Abdelghani
0%
JijelSidi Abdelaziz
0%
MascaraSidi Abdeldjebar
0%
TlemcenSidi Abdelli
0%
MascaraSidi Abdelmoumen
0%
Chlef | TiaretSidi Abderrahmane
0%
TissemsiltSidi Abed
0%
M'SilaSidi Aïssa
0%
Sidi Bel AbbèsSidi Ali Benyoub
0%
Sidi Bel AbbèsSidi Ali Boussidi
0%
TiaretSidi Ali Mellal
0%
BéjaïaSidi-Ayad
0%
DjelfaSidi Baizid
0%
TiaretSidi Bakhti
0%
Aïn TémouchentSidi Ben Adda
0%
SaïdaSidi Boubekeur
0%
MascaraSidi Boussaid
0%
TissemsiltSidi Boutouchent
0%
Sidi Bel AbbèsSidi Chaïb
0%
Sidi Bel AbbèsSidi Daho des Zairs
0%
MédéaSidi Damed
0%
BoumérdesSidi Daoud
0%
TlemcenSidi Djillali
0%
Bordj Bou ArréridjSidi Embarek
0%
MédéaSidi Errabia
0%
M'SilaSidi Hadjeres
0%
Sidi Bel AbbèsSidi Hamadouche
0%
TiaretSidi Hosni
0%
MascaraSidi Kaida
0%
MilaSidi Khelifa
0%
RelizaneSidi Khettab
0%
DjelfaSidi Ladjel
0%
Sidi Bel AbbèsSidi Lahcene
0%
TissemsiltSidi Lantri
0%
RelizaneSidi Lazreg
0%
JijelSidi Maarouf
0%
MédéaSidi Mahdjoub
0%
MilaSidi Merouane
0%
SkikdaSidi Mezghiche
0%
RelizaneSidi M'Hamed Ben Ali
0%
RelizaneSidi M'Hamed Benaouda
0%
AlgiersSidi Moussa
0%
Tizi OuzouSidi Nâamane
0%
MédéaSidi Naamane
0%
Aïn TémouchentSidi Ouriache
0%
RelizaneSidi Saada
0%
TipazaSidi Semiane
0%
Sidi Bel AbbèsSidi Yacoub
0%
MédéaSidi Zahar
0%
MédéaSidi Ziane
0%
Oum El BouaghiSigus
0%
BoumérdesSi-Mustapha
0%
M'SilaSlim
0%
ChlefSobha
0%
MostaganemSouaflia
0%
MédéaSouagui
0%
M'Sila | Tizi OuzouSouamaa
0%
BoumérdesSouk El-Had
0%
RelizaneSouk El Had
0%
BouïraSouk El Khemis
0%
BéjaïaSouk El Ténine
0%
Tizi OuzouSouk El Thenine
0%
BéjaïaSouk-Oufella
0%
MostaganemSour
0%
BouïraSour El Ghaziane
0%
Sidi Bel AbbèsTabia
0%
MédéaTablat
0%
Aïn DeflaTacheta Zougagha
0%
SétifTachouda
0%
Sidi Bel AbbèsTafissour
0%
MédéaTafraout
0%
Bordj Bou ArréridjTafreg
0%
TiaretTagdemt
0%
Bordj Bou ArréridjTaglait
0%
BouïraTaguedit
0%
BéjaïaTala Hamza
0%
SétifTalaifacene
0%
ChlefTalassa
0%
BatnaTalkhamt
0%
TissemsiltTamalaht
0%
MédéaTamesguida
0%
BéjaïaTamokra
0%
BéjaïaTamridjet
0%
M'SilaTamsa
0%
Aïn TémouchentTamzoura
0%
Sidi Bel AbbèsTaoudmout
0%
ChlefTaougrit
0%
Souk AhrasTaoura
0%
BoumérdesTaourga
0%
BéjaïaTaourirt Ighil
0%
Aïn DeflaTarik Ibn Ziad
0%
M'SilaTarmount
0%
BéjaïaTaskriout
0%
MilaTassadane Haddada
0%
BatnaTaxlent
0%
SétifTaya
0%
MostaganemTazgait
0%
BatnaTazoult
0%
Sidi Bel AbbèsTeghalimet
0%
MilaTeleghma
0%
Bordj Bou ArréridjTeniet En-Nasr
0%
Sidi Bel AbbèsTenira
0%
Aïn TémouchentTerga
0%
TlemcenTerny Beni Hdiel
0%
Souk AhrasTerraguelt
0%
MilaTerrai Bainen
0%
Bordj Bou ArréridjTesmart
0%
AlgiersTessala El Merdja
0%
MilaTessala Ldematai
0%
JijelTexenna
0%
BatnaTheniet El Abed
0%
TissemsiltThéniet El Had
0%
BéjaïaTibane
0%
MilaTiberguent
0%
Aïn DeflaTiberkanine
0%
TiaretTidda
0%
BoumérdesTidjelabine
0%
Souk AhrasTiffech
0%
BatnaTighanimine
0%
BatnaTilatou
0%
Sidi Bel AbbèsTilmouni
0%
Boumérdes | BéjaïaTimezrit
0%
BatnaTimgad
0%
Tizi OuzouTimizart
0%
BéjaïaTinabdher
0%
Tizi OuzouTirmirtine
0%
Bordj Bou ArréridjTixter
0%
Tizi OuzouTizi Ghenif
0%
MédéaTizi Mahdi
0%
SétifTizi N'Béchar
0%
BéjaïaTizi N'Berber
0%
Tizi OuzouTizi N'Thlata
0%
Tizi OuzouTizi Rached
0%
BatnaTkout
0%
MédéaTlated Eddouair
0%
BéjaïaToudja
0%
TiaretTousnina
0%
AnnabaTreat
0%
MilaYahia Beniguecha
0%
Tizi OuzouYatafene
0%
SaïdaYoub
0%
TissemsiltYoussoufia
0%
Souk AhrasZaarouria
0%
MascaraZahana
0%
BatnaZanat El Beida
0%
M'SilaZarzour
0%
BouïraZbarbar
0%
ChlefZeboudja
0%
Aïn DeflaZeddine
0%
MilaZeghaia
0%
Tizi OuzouZekri
0%
MascaraZelameta
0%
RelizaneZemmoura
0%
TlemcenZenata
0%
SkikdaZerdaza
0%
Sidi Bel AbbèsZerouala
0%
ConstantineZighoud Youcef
0%
Oum El BouaghiZorg
0%
Souk AhrasZouabi
0%
MédéaZoubiria
0%

Score Distribution

Percentile by Number Answered

Percent of People with Each Score

Your Score History

You have not taken this quiz